The Fireside Chats of Franklin Delano Roosevelt : (Record no. 235095)
[ view plain ]
| 000 -LEADER | |
|---|---|
| fixed length control field | 01405cam a22003253a 4500 |
| 001 - CONTROL NUMBER | |
| control field | 5767 |
| 003 - CONTROL NUMBER IDENTIFIER | |
| control field | PGUSA |
| 005 - DATE AND TIME OF LATEST TRANSACTION | |
| control field | 20140828083124.0 |
| 008 - FIXED-LENGTH DATA ELEMENTS--GENERAL INFORMATION | |
| fixed length control field | 040501s2004||||xxu|||||s|||||000 | eng d |
| 040 ## - CATALOGING SOURCE | |
| Original cataloging agency | PGUSA |
| Language of cataloging | eng |
| 042 ## - AUTHENTICATION CODE | |
| Authentication code | dc |
| 050 #4 - LIBRARY OF CONGRESS CALL NUMBER | |
| Classification number | E740 |
| 100 1# - MAIN ENTRY--PERSONAL NAME | |
| Personal name | Roosevelt, Franklin D. |
| Fuller form of name | (Franklin Delano), |
| Dates associated with a name | 1882-1945 |
| 245 14 - TITLE STATEMENT | |
| Title | The Fireside Chats of Franklin Delano Roosevelt : |
| Remainder of title | Radio Addresses to the American People Broadcast Between 1933 and 1944 |
| Medium | [electronic resource] / |
| Statement of responsibility, etc | Franklin D. Roosevelt |
| 260 ## - PUBLICATION, DISTRIBUTION, ETC. (IMPRINT) | |
| Name of publisher, distributor, etc | Project Gutenberg, |
| Date of publication, distribution, etc | 2004 |
| 506 ## - RESTRICTIONS ON ACCESS NOTE | |
| Terms governing access | Public domain in the USA. |
| 516 ## - TYPE OF COMPUTER FILE OR DATA NOTE | |
| Type of computer file or data note | Electronic text |
| 653 ## - INDEX TERM--UNCONTROLLED | |
| Uncontrolled term | United States -- Foreign relations -- 1933-1945 -- Sources |
| 653 ## - INDEX TERM--UNCONTROLLED | |
| Uncontrolled term | New Deal, 1933-1939 -- Sources |
| 653 ## - INDEX TERM--UNCONTROLLED | |
| Uncontrolled term | United States -- Economic policy -- 1933-1945 -- Sources |
| 653 ## - INDEX TERM--UNCONTROLLED | |
| Uncontrolled term | Roosevelt, Franklin D. (Franklin Delano), 1882-1945 -- Oratory -- Sources |
| 653 ## - INDEX TERM--UNCONTROLLED | |
| Uncontrolled term | United States -- Politics and government -- 1933-1945 -- Sources |
| 653 ## - INDEX TERM--UNCONTROLLED | |
| Uncontrolled term | United States -- Economic conditions -- 1918-1945 -- Sources |
| 653 ## - INDEX TERM--UNCONTROLLED | |
| Uncontrolled term | World War, 1939-1945 -- United States -- Sources |
| 653 ## - INDEX TERM--UNCONTROLLED | |
| Uncontrolled term | Roosevelt, Franklin D. (Franklin Delano), 1882-1945 -- Political and social views -- Sources |
| 653 ## - INDEX TERM--UNCONTROLLED | |
| Uncontrolled term | Depressions -- 1929 -- United States -- Sources |
| 830 #0 - SERIES ADDED ENTRY--UNIFORM TITLE | |
| Uniform title | Project Gutenberg |
| Volume number/sequential designation | 5767 |
| 856 40 - ELECTRONIC LOCATION AND ACCESS | |
| Uniform Resource Identifier | <a href="http://www.gutenberg.org/ebooks/5767">http://www.gutenberg.org/ebooks/5767</a> |
| 942 ## - ADDED ENTRY ELEMENTS (KOHA) | |
| Koha item type | eBooks |
| Withdrawn status | Lost status | Damaged status | Home library | Current library | Date acquired | Total Checkouts | Date last seen | Price effective from | Koha item type |
|---|---|---|---|---|---|---|---|---|---|
| Project Gutenberg | Project Gutenberg | 08/28/2014 | 08/28/2014 | 08/28/2014 | eBooks |